| 000 | 00621nam a2200181Ia 4500 | ||
|---|---|---|---|
| 003 | GCL | ||
| 008 | 140319s9999 xx 000 0 ara d | ||
| 040 |
_aGCL / _cGCL |
||
| 082 | 0 | 4 |
_a546.673 _bا ق |
| 100 | 1 | _aانور محمود عبد الواحد | |
| 245 | 1 | 0 |
_aقصة الالمونيوم (هدية من الاديب عبدالفتاح الجمل) / _cانور محمود عبد الواحد |
| 300 | _a134 ص | ||
| 490 |
_aالمكتبة الثقافية _v0 |
||
| 650 | 0 | 4 | _aالالومنيوم |
| 650 | 0 | 4 | _aاشغال الالمنيوم |
| 650 | 0 | 4 | _aالالومنيوم، استخراج |
| 942 |
_2ddc _cBK |
||
| 999 |
_c46962 _d46962 |
||